00570 2200217 4500001002100000005001700021008004100038020001800079035002500097040001200122082001000134084001600144100002200160245005300182250001100235260004500246300002700291500001100318650001500329990000800344INLIS00000000000726720150105130815.0  a979-414-631-5 a0010-011500000000040 aJIPUBAY04a340.1 a340.1 HIL p aHilman Hadikusuma aPengantar Antropologi Hukumc/ Hilman Hadikusuma aCet. 2 aBandar LampungbCitra Aditya Baktic2004 axii, 212 hlm.c; 21cm. atabel. aIlmu Hukum a072